Library Logo

Pioneer International University Library Catalogue

ROME: (Record no. 9817)

MARC details
000 -LEADER
fixed length control field 00556nam a22001697a 4500
003 - CONTROL NUMBER IDENTIFIER
control field OSt
005 - DATE AND TIME OF LATEST TRANSACTION
control field 20251117091952.0
008 - FIXED-LENGTH DATA ELEMENTS--GENERAL INFORMATION
fixed length control field 251117b |||||||| |||| 00| 0 eng d
020 ## - INTERNATIONAL STANDARD BOOK NUMBER
International Standard Book Number 0393019845
040 ## - CATALOGING SOURCE
Transcribing agency W. W . NORTON &COMPANY
050 ## - LIBRARY OF CONGRESS CALL NUMBER
Classification number DG 808 .H52 1985
Item number .H52 1985
245 ## - TITLE STATEMENT
Title ROME:
Remainder of title THE BIOGRAPHY OF A CITY/
Statement of responsibility, etc. HIBBERT,CHRISTOPHER
250 ## - EDITION STATEMENT
Edition statement 1ST EDITION
260 ## - PUBLICATION, DISTRIBUTION, ETC.
Place of publication, distribution, etc. NEW YORK,LONDON:
Name of publisher, distributor, etc. W. W . NORTON &COMPANY,
Date of publication, distribution, etc. 1985
300 ## - PHYSICAL DESCRIPTION
Extent 386 pages,
Other physical details hardcover, ill.: som col, includes bibliography references and index,
Dimensions 25.4 cm
942 ## - ADDED ENTRY ELEMENTS (KOHA)
Source of classification or shelving scheme Library of Congress Classification
Koha item type Books
Suppress in OPAC No
Holdings
Withdrawn status Lost status Source of classification or shelving scheme Damaged status Not for loan Home library Current library Date acquired Total checkouts Barcode Date last seen Price effective from Koha item type
    Library of Congress Classification     PIU Library PIU Library 11/17/2025   PIUDL812 11/17/2025 11/17/2025 Books